| 000 | 01042cab a22001935a 4500 | ||
|---|---|---|---|
| 001 | L155905 | ||
| 008 | 120420e2012 xxk 000 0 eng d | ||
| 035 | _a(Sirsi) u155905 | ||
| 041 | 0 | _aeng | |
| 100 | 1 | _aWatson, Stuart | |
| 245 | 0 | 0 |
_aMarkets _bports, airports and rail freight |
| 260 | _c2012 | ||
| 490 | 0 |
_aProperty Week _v78(16) 20 April 2012, 45-50(4) |
|
| 520 | _aCBRE is working with an unnamed developer to launch a rail freight development fund to invest in rail-linked distribution schemes in the south-east and Midlands. Manston airport's proposed sale could bring much-needed investment to east Kent. Bids will be submitted in April for the development of 365 acres of agricultural land south of Edinburgh airport. Kilbride Group is aiming to develop major rail freight interchange in the Midlands. Homes and Communities Agency seeks to turn the former Royal Naval Air Station at Lee-on-Solent into a specialist aviation and engineering hub. | ||
| 590 | _aKA | ||
| 651 | 4 | _aEngland | |
| 700 | 1 | _aSmith, Nick | |
| 942 | _n0 | ||
| 999 |
_c83929 _d83929 |
||